|
|
|
|
| LEADER |
00831nam a2200205Ia 4500 |
| 008 |
240829s9999 xx 000 0 und d |
| 040 |
|
|
|a BIBLIOTECA-RUSB/ Ref 621.3127285 N583
|
| 041 |
|
|
|a spa
|
| 082 |
|
|
|a Ref 621.3127285 N583
|
| 100 |
1 |
|
|a Nicaragua. PA Consulting Group
|
| 245 |
1 |
0 |
|a Fortalecimientos de las políticas regionales relativas a la seguridad del sistema eléctrico o los desastres naturales de origen climático
|
| 260 |
|
|
|a Nicaragua
|b USAID
|c 2001
|
| 300 |
|
|
|a 300 p. :il.
|
| 650 |
7 |
|
|a ENERRGIA ELECTRICA - SISTEMAS DE GENERACION Y TRANSMISION - PROTECCION
|
| 650 |
7 |
|
|b PREVENCION DE DAÑOS - SISTEMA ELECTRICO
|
| 650 |
7 |
|
|c SISTEMAS DE TRANSMISION - PLAN DE EMERGENCIA - PREVENSION DE DESASTRES
|
| 650 |
7 |
|
|d DESARROLLO HIDROELECTRICOS - PLAN DE EMERGENCIA
|
| 942 |
|
|
|c BK
|2 ddc
|
| 991 |
|
|
|a TEXTO
|
| 999 |
|
|
|c 6117
|